000
00299nam a2200121Ia 4500
008
220204s9999 xx 000 0 und d
082
_a
546.3
_b
SAN
100
_a
Sandell, E B
245
0
_a
Colorimetric determination of traces of metals
250
_a
3
260
_b
Interscience
_c
1959
942
_c
BK
999
_c
20507
_d
20507